000 00493nam a22001577a 4500
005 20251108165215.0
008 250721s1992 xx 000 0 ara d
082 1 4 _a922.1/فقي
100 1 _aالفقي، محمد عبد القادر
245 1 0 _aحوار ساخن مع داعية العصر أحمد ديدات /
264 1 _aالقاهرة :
_bمكتبة القرآن،
_c1992.
300 _a80ص.
650 1 7 _aالمناظرات الدينية
942 _2ddc
_cBK
999 _c22144
_d22144